| Tag |
First Indicator |
Second Indicator |
Subfields |
| LEADER |
00000cas a2200000 4500 |
| 001 |
in00000046085 |
| 005 |
20151007065317.0 |
| 008 |
800527c19229999cauuu 0uuua0eng d |
| 035 |
|
|
|a (OCoLC)06362992
|
| 035 |
|
|
|9 AAE1736AM
|
| 040 |
|
|
|a TXA
|c TXA
|d UtOrBLW
|
| 049 |
|
|
|a TXAE
|
| 090 |
|
|
|a TK152
|b .C25
|
| 110 |
1 |
|
|a California.
|b Division of Industrial Safety.
|
| 245 |
1 |
0 |
|a Electrical safety orders.
|
| 264 |
|
1 |
|a Sacramento.
|b [publisher not identified] ;
|
| 300 |
|
|
|a volumes
|
| 336 |
|
|
|a text
|b txt
|2 rdacontent
|
| 337 |
|
|
|a unmediated
|b n
|2 rdamedia
|
| 338 |
|
|
|a volume
|b nc
|2 rdacarrier
|
| 362 |
0 |
|
|a 1922-
|
| 500 |
|
|
|a Some volumes issued in reprint editions.
|
| 650 |
|
0 |
|a Electrical engineering
|x Safety measures.
|
| 999 |
|
|
|a MARS
|
| 999 |
f |
f |
|s 1ec2e1e6-2bce-3d29-b1f5-2421b479db4b
|i 5352a4b1-497d-39fb-b6d7-64a4154f8399
|t 0
|
| 952 |
f |
f |
|p ric
|a Texas A&M University
|b Rellis Campus
|c Joint Library Facility
|d Remote Storage
|t 0
|e TK152 .C25
|h Library of Congress classification
|i unmediated -- volume
|l 1951
|m A14808820689
|
| 998 |
f |
f |
|a TK152 .C25
|s 1951
|t 0
|l Remote Storage
|